00752 a2200169 45000010006000000050017000060080041000230030015000640400040000790800095001192450061002142640038002753000019003135050210003320410008005421000032005504137820260407155708.0260407a1975 arg spa dAR-UNSa-BCEJYS aAR-UNSa-BCEJYSbspacAR-UNSa-BCEJYS a330.8xHistoria de las teorías, Doctrinas, Dogmas económicos (pensamiento económico)10aIntroducción a la historia del pensamiento económico 1aBuenos Aires :bEl Coloquioc1975 a139 p.c21 cm. a1. Las estructuras nacionales: su articulación y cambio - 2. El feudalismo - 3. El pensamiento económico medieval - 4. El capitalismo comercial - 5. El mercantilismo - 6. La fisiocracia - 7. Adam Smith aspa1 aFernández López, Manuel